000 00558cam a2200217 a 4500
001 sa 67002336
003 DLC
005 20260227112330.0
008 881028s1966 ii 000 f beno
010 _asa 67002336
035 _a(OCoLC)23557865
040 _aDLC
_cDLC
050 0 0 _aPK1718.M53
_bB3
100 1 _aMitra, Śibaśaṅkara.
245 1 0 _aBanabibi /
_cŚibaśsaṇkara Mitra.
250 _a1. saṃskaraṇa.
260 _aKalikātā :
_bBāk Sāhitya,
_c1966.
300 _a223 p. ;
_c23 cm.
500 _aNovel.
546 _aIn Bengali.
999 _c73202
_d73202